000 01210aam a2200313 i 4500
001 768714001
003 CO-MdFUSB
005 20250425144931.0
007 ta
008 250425t1973 ag |||| |||| 00| 0 spa d
040 _cCO-MdFUSB
041 0 _aspa
082 0 4 _223
_a239
_bG4481s
100 1 _aGibson, Arthur (1922-)
_eautor
240 _aThe silence of God
245 1 3 _aEl silencio de Dios :
_buna respuesta creativa a los filmes de Ingmar Bergman
_c/ Arthur Gibson ; traducido por María Teresa La Valle
264 1 _bEdiciones Megápolis,
_aBuenos Aires, Argentina :
_c[1973]
264 4 _c©1973
300 _a165 páginas
_c; 20 cm
336 _atexto
_btxt
_2rdacontent
337 _2rdamedia
_asin mediación
_bn
338 _2rdacarrier
_avolumen
_bnc
505 _aEl silencio. -- Formulación: el séptimo sello. -- Pregunta: fresas silvestres. -- Investigación: el mago. -- Evasión: a través de un vidrio oscuro. -- Enfrentamiento: luz de invierno. -- Sufrimiento: el silencio. -- Observación: persona. -- De Dios.
563 _aRústico
650 7 _aApologética
_9187
700 _aLa Valle, María Teresa,
_911291
_etraductor
942 _cBK
945 _aJTF-925
999 _c35228
_d35228